000 00823nam a2200253Ia 4500
003 OSt
005 20220926032229.0
006 a|||||r|||| 00| 0
007 ta
008 220923b |||||||| |||| 00| 0 eng d
020 _a9780754646259
_c4324.8000000000002
037 _bBBS/ 2, 12/05/2010, Better Book Service
_cGeneral Book
040 _aRTL
_cRTL
_beng
041 _2eng
_aeng
082 _aXM5:8, P9
100 _aDignam Alan
_9337058
245 0 _aGlobalization of corporate governance.
260 _aSurey
_bAshgate England
_c2009
300 _axxiv, 433p Bibliography chapterwise
_ccm.
650 _aCommerce
700 _a Galanis Michael
_9337059
942 _hXM5:8, P9
_cGB
_2CC
999 _c654153
_d654153